00670 2200253 4500001002100000005001700021020001800038035002500056040001200081082001600093084001600109090001600125100001300141245004900154250002000203260003600223300004500259504002500304650002700329850001200356990001600368990001600384990001600400YOGYA00000000009998320150413114916.0 a979-8170-89-X a0010-111300000000094 aYOPDYOG 2[22]a332.1 a332.1 Muh M a332.1 Muh M aMUHAMMAD aManajemen bank syari ahy /cPenulis Muhammad aEd. rev, cet. 2 aYogyakartabUPP STIM YKPNc2011 axxiv, 484 hlm.:bilus,;c24 cm. (3 eks.) aTermasuk Bibliografi aBank Islam - Manajemen aYOPDYOG a3428/B.2013 a3429/B.2013 a3430/B.2013